| 000 | 00551nam a22001697a 4500 | ||
|---|---|---|---|
| 003 | NUST | ||
| 038 | _aNusrat Nadeem | ||
| 082 | _a200 | ||
| 100 |
_aKHAN, ABDUS SAMAD _9125946 |
||
| 245 |
_aA CAUSAL EXPLORATION OF ILLEGAL MIGRATION FROM PAKISTAN / _cABDUS SAMAD KHAN, |
||
| 264 |
_aIslamabad; _bS3H NUST; _c2024. |
||
| 300 |
_a48,p; _bill; _c30,cm. |
||
| 650 |
_aMS-Government and Public Policy _9125323 |
||
| 700 |
_aSupervisor: Dr. Ahmed Waqas Waheed _9123174 |
||
| 856 | _u http://10.250.8.41:8080/xmlui/handle/123456789/46508 | ||
| 942 |
_2ddc _cSC |
||
| 999 |
_c611618 _d611618 |
||